American TV Shows Shown In The UK - Sudden Death - Statistics

General Stats
  • This quiz has been taken 109 times
  • The average score is 10 of 19
Answers on the Grid
Answers color-coded by a green-red scale on the quiz's grid according to % correct below.
Julie & Chico
Sex And The City
Married With Children
Roseanne
Maude
L.A. Law
The Dick Tyler Moore Show
George & Mildred
Smallville
Mad Men
Bottom's Up
The Long And Winding Road
Star trek:The Next Generation
Taxi
The Twilight Zone
Soap
Bewildered
Three's Company
First Rock from The Moon
Desperate Housewives
The Puppet Show
Charlies Angels
The Golden Girls
Knight Rider
The Mall
Doctor Seymour
Magnum P.I.
Last of The Winter Ale
Phyliss
Falcon Crest
 
Answer Stats
Answer % Correct
Sex And The City
89%
Star trek:The Next Generation
70%
Charlies Angels
65%
Desperate Housewives
65%
Smallville
62%
Mad Men
59%
Magnum P.I.
59%
Roseanne
59%
The Golden Girls
58%
The Twilight Zone
58%
L.A. Law
55%
Married With Children
55%
Knight Rider
48%
Taxi
48%
Falcon Crest
36%
Three's Company
33%
Soap
27%
Maude
20%
Phyliss
6%
No matching quizzes found
Score Distribution
Percent of People with Each Score
Percentile by Number Answered
Your Score History
You have not taken this quiz